000 00290nam a22001337a 4500
008 181011b xxu||||| |||| 00| 0 eng d
020 _a9789989986048
041 _aeng
080 _a940
100 _a16
101 _aSHH
245 _aVariacione Historike
_cDemiri,S
942 _2udc
_cBK
999 _c49368
_d49368